Southville International School and Colleges
Your cart is empty.
  • Cart
  • Lists
    Public lists Eva Luna New books Lux_list list_1
    Your lists Log in to create your own lists
  • Log in to your account
  • Your cookies
  • Search history
Southville International School and Colleges
  • Advanced search
  • Recent comments
  • Most popular
  • Libraries

Log in to your account

Log in with GOOGLE


If you do not have an external account, but do have a local account, you can still log in:

  1. Home
  2. MARC view: The big necessity :
Normal view MARC view ISBD view

The big necessity : (Record no. 340015)

[ view plain ]
MARC details
000 -LEADER
fixed length control field 00734nam a2200289Ia 4500
008 - FIXED-LENGTH DATA ELEMENTS--GENERAL INFORMATION
fixed length control field 170711s9999 xx 000 0 und d
020 ## - INTERNATIONAL STANDARD BOOK NUMBER
International Standard Book Number 9781846270703
050 ## - LIBRARY OF CONGRESS CALL NUMBER
Classification number 628.3
050 ## - LIBRARY OF CONGRESS CALL NUMBER
Item number G347 2008
100 ## - MAIN ENTRY--PERSONAL NAME
Personal name George, Rose
245 #4 - TITLE STATEMENT
Title The big necessity :
245 ## - TITLE STATEMENT
Remainder of title adventures in the world of human waste /
245 ## - TITLE STATEMENT
Statement of responsibility, etc by Rose George.
260 ## - PUBLICATION, DISTRIBUTION, ETC. (IMPRINT)
Place of publication, distribution, etc London :
260 ## - PUBLICATION, DISTRIBUTION, ETC. (IMPRINT)
Name of publisher, distributor, etc Portobello,
260 ## - PUBLICATION, DISTRIBUTION, ETC. (IMPRINT)
Date of publication, distribution, etc 2008
300 ## - PHYSICAL DESCRIPTION
Extent 326 pages :
300 ## - PHYSICAL DESCRIPTION
Other physical details illustrations ;
300 ## - PHYSICAL DESCRIPTION
Dimensions 19cm.
500 ## - GENERAL NOTE
General note Includes filmography and index.
650 ## - SUBJECT ADDED ENTRY--TOPICAL TERM
Topical term or geographic name as entry element Sanitary & municipal engineering.
650 ## - SUBJECT ADDED ENTRY--TOPICAL TERM
Topical term or geographic name as entry element Sewage --
650 ## - SUBJECT ADDED ENTRY--TOPICAL TERM
Topical term or geographic name as entry element Sewage disposal.
650 ## - SUBJECT ADDED ENTRY--TOPICAL TERM
Topical term or geographic name as entry element Sewage.
650 ## - SUBJECT ADDED ENTRY--TOPICAL TERM
General subdivision Social aspects.
700 ## - ADDED ENTRY--PERSONAL NAME
Personal name Title.

No items available.

The big necessity :

APA

George R., Title, .The big necessity. London: .

Chicago

George Rose, Title, .The big necessity. London: .

Harvard

George R., Title, .The big necessity. London: .

MLA

George Rose, Title, .London: . .

  • Print
  • Cite
  • Add to your cart (remove)
  • Save record
    BIBTEX Dublin Core MARCXML MARC (non-Unicode/MARC-8) MARC (Unicode/UTF-8) MARC (Unicode/UTF-8, Standard) MODS (XML) RIS
  • More searches
    Search for this title in:
    Other Libraries (WorldCat) Other Databases (Google Scholar) Online Stores (Bookfinder.com) Open Library (openlibrary.org)

Exporting to Dublin Core...

SOUTHVILLE LIBRARY

Southville International School and Colleges Library

1281 Tropical Ave. Cor. Luxembourg St., BF Homes International, Las Pinas City

Tel. No. 8256374 / 252358 Loc. 117/146

Powered by Koha